000 00769nam a2200217Ia 4500
003 GCL
005 20240530095504.0
008 140319s9999 xx 000 0 ara d
020 _a3941 0258
040 _aGCL /
_cGCL
082 0 4 _a050
_bد/و ع
245 1 0 _aالعربى يونيو 2005( موسم الهجرة الى السودان )
250 _aالاولى
260 _aالكويت :
_bوزارة الاعلام بدولة الكويت ،
_c2005
650 0 4 _aالشعر السودانى
650 0 4 _aالسودان - الاحوال السياسية
650 0 4 _aالسودان - الاحوال الاجتماعية
650 0 4 _aالاسلام و قضايا الاصلاح الدينى
650 0 4 _aالسينما - سوريا
942 _2ddc
_cCR
999 _c7754
_d7754